000 01366nam a22002417a 4500
005 20150622162840.0
010 _aHIN-105958-959
020 _a9789332541450
_c1199.00
035 _aHN-78304-305
037 _bDBAD/PUB.
082 _a000
100 _aथौर्प, एडगर और थौर्प, शोविक
245 _aपियर्सन सामान्य अध्ययन पेपर -1 &11: 2015 संघ लोकसेवा आयोग की सिविल सेवा प्राथमिक परीक्षा हेतु /
_cएडगर थौर्प एवं शोविक थौर्प
246 _aPearson General Studies for the Civil Services Preliminary Examination
_bEdagar Thaurp evm Shovik Thaurp
260 _aनोएडा
_bपियर्सन एजुकेशन
_c2015
270 _a7वीं मजिंल, नॉलेज बुलवार्ड, ए- (8) ए, सैक्टर-62
_bनोएडा
_e201309
300 _aदो पेपर (वि.पृ; वि.पृ)
_c25 से.मी (अजिल्द)
505 _aपेपर- 1 एवं पेपर- 11
650 _aसामान्य ज्ञान
650 _aGeneral knowlege
700 _aथौर्प, शोविक
_918606
942 _2ddc
_cHN
_h000
_mथौर्पए
999 _c94456
_d94456